|
|
|
|
| LEADER |
00000nam0a2200000 4500 |
| 001 |
318857 |
| 005 |
20231102003123.0 |
| 035 |
|
|
|a (RuTPU)RU\TPU\book\344359
|
| 090 |
|
|
|a 318857
|
| 100 |
|
|
|a 20160510d1962 m y0rusy50 ca
|
| 101 |
0 |
|
|a rus
|
| 102 |
|
|
|a RU
|
| 105 |
|
|
|a a z 000zy
|
| 200 |
1 |
|
|a Наш опыт применения гидроциклонных установок
|f А. Г. Газарян
|
| 210 |
|
|
|a Куйбышев
|c Куйбышевское книжное издательство
|d 1962
|
| 215 |
|
|
|a 24 с.
|c ил.
|
| 225 |
1 |
|
|a Библиотечка буровика
|
| 606 |
1 |
|
|a Гидроциклоны
|x Конструкция и расчет
|x Горное дело
|2 stltpush
|3 (RuTPU)RU\TPU\subj\7092
|9 34823
|
| 610 |
1 |
|
|a гидроциклонные установки
|
| 610 |
1 |
|
|a гидроциклонирование
|
| 610 |
1 |
|
|a устья скважин
|
| 610 |
1 |
|
|a герметизация
|
| 610 |
1 |
|
|a режим работы
|
| 610 |
1 |
|
|a эксплуатация
|
| 610 |
1 |
|
|a монтаж
|
| 610 |
1 |
|
|a технические характеристики
|
| 675 |
|
|
|a 622.755
|v 4
|
| 700 |
|
1 |
|a Газарян
|b А. Г.
|g Артем Григорьевич
|
| 801 |
|
1 |
|a RU
|b 63413507
|c 20160510
|
| 801 |
|
2 |
|a RU
|b 63413507
|c 20200619
|g RCR
|
| 942 |
|
|
|c BK
|